000 00472 a2200145 4500
999 _c360
_d360
020 _a9780857521248
050 _aBF724.3 FRA 2013
100 _aFrazzetto,Giovanni /
_eAuthor
245 _aHow we feel
_bwhat neuroscience can and cant tell us about our emotions
_cGiovanni Frazzetto
264 _aLondon
_bDoubleday
_c2013
300 _a304p.
500 _aIncludes bibliographical references and index
650 _aEmotions in adolescence
942 _2lcc
_cBK
_h724.3
_iFRA
_kBF